000 00345 a2200157 4500
001 151524
040 _cEscola São Tomás de Aquino
100 _aROCHA, Ruth
240 1 0 _aOs 101 Dálmatas
_lpor
245 1 0 _aOs 101 Dálmatas
300 _a32
362 0 _a1981
440 1 _aMelhoramentos
697 _a*LITERATURA INFANTO
942 _cBK
999 _c151524
_d151524